| Tag |
First Indicator |
Second Indicator |
Subfields |
| LEADER |
00000cam a2200000Ma 4500 |
| 001 |
in00002397828 |
| 005 |
20151109062338.0 |
| 008 |
860714s1933 enka 000 0 eng d |
| 029 |
0 |
|
|a AU@
|b 000012466943
|
| 035 |
|
|
|a (OCoLC)ocn221900980
|
| 035 |
|
|
|a (OCoLC)221900980
|
| 040 |
|
|
|a AU@
|b eng
|c AU@
|d TXA
|d UtOrBLW
|
| 049 |
|
|
|a TXAM
|
| 050 |
0 |
0 |
|a PR6013.A66
|b P6
|
| 090 |
|
|
|a PR6013.A66
|b P6 1933
|
| 100 |
1 |
|
|a Garnett, David,
|d 1892-1981.
|
| 245 |
1 |
0 |
|a Pocahontas : or, The nonpareil of Virginia /
|c by David Garnett.
|
| 264 |
|
1 |
|a London :
|b Chatto and Windus,
|c 1933.
|
| 300 |
|
|
|a 348 pages :
|b illustrations ;
|c 22cm.
|
| 336 |
|
|
|a text
|b txt
|2 rdacontent
|
| 337 |
|
|
|a unmediated
|b n
|2 rdamedia
|
| 338 |
|
|
|a volume
|b nc
|2 rdacarrier
|
| 948 |
|
|
|a cataloged
|b h
|c 2008/6/3
|d c
|e bhartsfi
|f 11:23:58 am
|
| 994 |
|
|
|a C0
|b TXA
|
| 999 |
|
|
|a MARS
|
| 999 |
f |
f |
|s 3eb29cac-f91b-3222-a5b6-f7aabd14c253
|i ce46ca78-b45b-3666-8a61-b54972b4d33b
|t 0
|
| 952 |
f |
f |
|p noncirc
|a Texas A&M University
|b College Station
|c Cushing Memorial Library & Archives
|d Cushing: Literature/Mitchell (Does not check out)
|t 0
|e PR6013.A66 P6 1933
|h Library of Congress classification
|i unmediated -- volume
|
| 998 |
f |
f |
|a PR6013.A66 P6 1933
|t 0
|l Cushing: Literature/Mitchell (Does not check out)
|